00777nam a2200193 i 450000100060000000300090000600500170001500700030003200800410003510000400007624501750011626000460029130000220033770000350035970000300039485200210042499900170044595201210046225973ES-MaACL20230906153350.0t|030107s1908 sp ||||1| spa d1 aArtaza Malvarez, Ramón de.92342910aRecuerdos de la muy noble, muy leal y muy humanitaria Villa de Muros / cpor Ramón de Artaza Malvarez ; prólogo de Manuel Murgía ; epílogo de Plácido Angel Rey. aSantiago : bTel Eco de Santiago, c1908. a307 p. ; c22 cm.1 aRey, Plácido Ángel.9965111 aMurguía, Manuel.984577 aES-MaACLjF-2441 c25973d25973 00104070aATENEOMbATENEOMcDEPO2d2008-01-17eSCl0oF-2441p1026798r2023-02-23 00:00:00w2023-02-23yMONOGRAFIA